[Event "Sabadell Open 2018"]
[Site "Sabadell"]
[Date "2018.09.06"]
[Round "6"]
[White "Romero Funieles, Rafael"]
[Black "Serentill Tost, Eduard"]
[Result "0-1"]
[WhiteElo "1628"]
[BlackElo "1613"]
[Annotator "NA RC"]
[PlyCount "142"]
[EventDate "2018.09.01"]
[EventType "swiss"]
[EventCountry "ESP"]
[SourceTitle "playchess.com"]
[Source "ChessBase"]
[SourceQuality "1"]
[TimeControl "5400+30"]

1. e4 {[%emt 0:00:00]} e6 {[%emt 0:00:00]} 2. Nf3 {[%emt 0:00:17]} d5 3. exd5 {[%emt 0:00:41]} exd5 {[%emt 0:00:00]} 4. Be2 {[%emt 0:00:11]} Bd6 {[%emt 0:00:56]} 5. h3 {[%emt 0:00:17]} Nf6 {[%emt 0:00:22]} 6. d4 {[%emt 0:00:34]} O-O {[%emt 0:00:39]} 7. O-O {[%emt 0:01:19]} c6 {[%emt 0:01:16]} 8. Bd3 {[%emt 0:02:59]} Nbd7 {[%emt 0:00:37]} 9. c3 {[%emt 0:01:09]} Qc7 {[%emt 0:02:01]} 10. Be3 {[%emt 0:01:02]} b6 {[%emt 0:04:35]} 11. Nbd2 {[%emt 0:01:05]} a5 12. c4 dxc4 {[%emt 0:13:32]} 13. Nxc4 {[%emt 0:04:20]} Ba6 {[%emt 0:02:04]} 14. b3 {[%emt 0:01:59]} Nd5 {[%emt 0:02:48]} 15. Rc1 {[%emt 0:10:06]} Rfe8 {[%emt 0:07:14]} 16. Nxd6 {[%emt 0:03:34]} Qxd6 {[%emt 0:01:34]} 17. Bxa6 {[%emt 0:02:26]} Rxa6 {[%emt 0:01:51]} 18. Qd3 {[%emt 0:01:03]} Nb4 {[%emt 0:01:20]} 19. Qb1 {[%emt 0:02:05]} Raa8 {[%emt 0:01:52]} 20. a3 {[%emt 0:01:26]} Nd5 {[%emt 0:00:38]} 21. Ng5 {[%emt 0:03:34]} N7f6 {[%emt 0:07:52]} 22. Qd3 {[%emt 0:01:15]} h6 {[%emt 0:05:14]} 23. Nf3 {[%emt 0:00:33]} Nd7 {[%emt 0:03:52]} 24. Nd2 {[%emt 0:01:17]} b5 {[%emt 0:02:17]} 25. Ne4 Qg6 {[%emt 0:00:55]} 26. Nc5 {[%emt 0:07:05]} Qxd3 {[%emt 0:02:33]} 27. Nxd3 {[%emt 0:00:11]} Nxe3 {[%emt 0:00:07]} 28. fxe3 {[%emt 0:00:16]} Rxe3 {[%emt 0:00:30]} 29. Nf4 {[%emt 0:03:30]} Rxb3 {[%emt 0:03:08]} 30. Rxc6 {[%emt 0:00:07]} Rxa3 {[%emt 0:01:21]} 31. Rc7 {[%emt 0:00:33]} Nf6 {[%emt 0:01:37]} 32. Rc5 b4 {[%emt 0:01:13]} 33. Re1 {[%emt 0:03:28]} b3 {[%emt 0:00:40]} 34. Nd3 {[%emt 0:00:40]} Rd8 35. Rc4 a4 {[%emt 0:01:57]} 36. Nb2 {[%emt 0:02:47]} Ra8 {[%emt 0:00:18]} 37. Kh2 {[%emt 0:04:56]} Ra2 {[%emt 0:02:56]} 38. Rb1 Rxb2 {[%emt 0:03:31]} 39. Rxb2 {[%emt 0:02:55]} a3 40. Rxb3 {[%emt 0:02:21]} a2 {[%emt 0:00:13]} 41. Rc1 {[%emt 0:01:11]} a1=Q {[%emt 0:00:12]} 42. Rxa1 {[%emt 0:00:50]} Rxa1 {[%emt 0:00:05]} 43. Rb8+ {[%emt 0:00:26]} Kh7 {[%emt 0:00:01]} 44. Rd8 {[%emt 0:01:20]} Rd1 {[%emt 0:00:13]} 45. Rd6 {[%emt 0:01:02]} Kg6 {[%emt 0:00:36]} 46. Rd8 {[%emt 0:00:09]} Kf5 {[%emt 0:00:55]} 47. Rd6 {[%emt 0:01:18]} Ke4 {[%emt 0:00:49]} 48. Ra6 {[%emt 0:01:06]} Rxd4 {[%emt 0:00:31]} 49. Ra7 {[%emt 0:00:23]} Rd7 {[%emt 0:00:12]} 50. Ra3 {[%emt 0:00:10]} Nd5 {[%emt 0:01:14]} 51. Rg3 {[%emt 0:01:02]} g6 {[%emt 0:00:42]} 52. Rg4+ {[%emt 0:00:19]} Kf5 {[%emt 0:00:58]} 53. Rh4 {[%emt 0:00:40]} h5 {[%emt 0:00:13]} 54. Ra4 {[%emt 0:00:28]} g5 {[%emt 0:01:53]} 55. Kg3 {[%emt 0:01:44]} Re7 {[%emt 0:00:30]} 56. Ra5 {[%emt 0:00:51]} Re3+ {[%emt 0:00:26]} 57. Kf2 Rd3 {[%emt 0:01:39]} 58. Rb5 {[%emt 0:01:09]} Ke4 {[%emt 0:01:08]} 59. Rb7 {[%emt 0:00:56]} f6 60. Rb8 Rd2+ {[%emt 0:02:00]} 61. Kg1 {[%emt 0:04:19]} Nf4 {[%emt 0:00:48]} 62. Rb4+ {[%emt 0:02:08]} Kf5 63. g4+ {[%emt 0:01:16]} hxg4 {[%emt 0:01:19]} 64. Rb5+ {[%emt 0:00:28]} Rd5 {[%emt 0:00:37]} 65. hxg4+ {[%emt 0:00:25]} Kxg4 {[%emt 0:00:04]} 66. Rb6 {[%emt 0:00:33]} Kg3 {[%emt 0:00:33]} 67. Rb3+ {[%emt 0:00:29]} Rd3 {[%emt 0:00:08]} 68. Rb1 {[%emt 0:00:27]} f5 {[%emt 0:00:52]} 69. Kh1 {[%emt 0:00:38]} Nh3 {[%emt 0:00:39]} 70. Rf1 Nf2+ {[%emt 0:02:10]} 71. Kg1 {[%emt 0:02:56]} Rd1 0-1

[Event "Sabadell Open 2018"]
[Site "Sabadell"]
[Date "2018.09.07"]
[Round "7"]
[White "Cruz, Cristhian"]
[Black "Valdes Romero, Leonardo"]
[Result "1/2-1/2"]
[WhiteElo "2571"]
[BlackElo "2398"]
[Annotator "TA"]
[PlyCount "50"]
[EventDate "2018.09.01"]
[EventType "swiss"]
[EventCountry "ESP"]
[SourceTitle "playchess.com"]
[Source "ChessBase"]
[SourceQuality "1"]

{[%evp 25,50,4,30,38,57,41,60,49,128,0,0,-7,0,-2,0,0,0,0,0,0,0,0,0,0,0,0,0]} 1. e4 d6 2. d4 Nf6 3. Nc3 g6 4. f4 Bg7 5. Nf3 c5 6. Bb5+ Bd7 7. e5 Ng4 8. Bxd7+ Qxd7 9. h3 {B09: Pirc Defence: Austrian Attack} (9. d5 dxe5 10. h3 e4 11. Nxe4 Nf6 12. Nxf6+ Bxf6 13. O-O O-O 14. c4 e6 15. Be3 exd5 16. cxd5 Rd8 17. Qc2 Na6 18. Rad1 Nb4 19. Qxc5 Nxd5 20. Bd4 Rac8 21. Qa3 Qf5 22. Bxf6 Qxf6 23. Qxa7 Nxf4 24. Rxd8+ Rxd8 {½-½ (51) Mamedov,R (2704)-Carlsen,M (2843) Shamkir 2018}) 9... cxd4 10. Qxd4 Nc6 11. Qe4 Nh6 12. Be3 Nf5 13. Bf2 dxe5 {LiveBook: 6 Games} 14. fxe5 Qe6 15. O-O-O Nxe5 16. Rhe1 $1 {[%cal Rf3e5] [#]} ({Reject} 16. Qxb7 O-O $11) 16... Nxf3 $146 ({Black should try} 16... Nc6 $1 $14) ({Predecessor:} 16... Nc6) 17. Qxf3 (17. Qxb7 $16 Qc8 18. Qxf3) 17... Qc6 $1 $11 {[%cal Rc6f3] The position is equal.} 18. Nd5 {[#] Black must now prevent g4.} e6 19. g4 {[%cal Bg2g4,Bg4f5][%mdl 32]} O-O 20. gxf5 {Hoping for Ne7+.} exd5 21. Qxd5 Qf6 22. Bd4 Qg5+ 23. Be3 $1 {[%cal Re3g5]} Qf6 24. Bd4 Qg5+ 25. Be3 $1 {[%cal Re3g5]} Qf6 1/2-1/2

[Event "Sabadell Open 2018"]
[Site "Sabadell"]
[Date "2018.09.07"]
[Round "7"]
[White "Aroshidze, Levan"]
[Black "Aguero Jimenez, Luis Lazaro"]
[Result "1/2-1/2"]
[WhiteElo "2513"]
[BlackElo "2483"]
[Annotator "TA"]
[PlyCount "51"]
[EventDate "2018.09.01"]
[EventType "swiss"]
[EventCountry "ESP"]
[SourceTitle "playchess.com"]
[Source "ChessBase"]
[SourceQuality "1"]

{[%evp 18,51,57,56,48,41,40,-4,-4,-4,-4,-6,-7,-8,-4,-12,-8,-8,-8,-8,-8,-8,-8,-8,-3,-4,-7,-8,0,-8,-10,-12,0,0,0,0]} 1. e4 c6 2. d4 d5 3. e5 Bf5 4. Nf3 e6 5. Be2 Ne7 6. O-O c5 7. c4 Nbc6 8. dxc5 {B12: Caro-Kann: Advance Variation} d4 9. Qb3 Ng6 10. Qxb7 {LiveBook: 4 Games. White is slightly better.} Qc8 11. Qxc8+ $1 Rxc8 12. Rd1 $146 ({Predecessor:} 12. Nbd2 Bxc5 13. Nb3 d3 14. Bd1 Bb6 15. Re1 O-O {1-0 (29) Shirov,A (2709)-Yevseev,D (2536) Jurmala 2013}) 12... Bxc5 {The position is equal.} 13. Nbd2 d3 14. Bf1 Ngxe5 15. Nxe5 Nxe5 16. Nb3 $1 {[%cal Rb3c5]} Bb6 {[#]} 17. c5 $1 {[%mdl 512]} Bxc5 18. Nxc5 Rxc5 19. f4 Nc6 20. Bxd3 {Strongly threatening Be3.} Rd5 21. Be2 Nd4 22. Kf2 Nc2 23. Rxd5 exd5 24. Rb1 Nd4 25. Ra1 Nc2 26. Rb1 1/2-1/2

[Event "Sabadell Open 2018"]
[Site "Sabadell"]
[Date "2018.09.07"]
[Round "7"]
[White "Gonzalez Garcia, Jose"]
[Black "Nieto Farreny, Francesc"]
[Result "1-0"]
[WhiteElo "2497"]
[BlackElo "2191"]
[Annotator "TA"]
[PlyCount "77"]
[EventDate "2018.09.01"]
[EventType "swiss"]
[EventCountry "ESP"]
[SourceTitle "playchess.com"]
[Source "ChessBase"]
[SourceQuality "1"]

{[%evp 30,77,30,30,38,23,31,0,63,56,100,77,134,100,109,100,162,166,168,154,281,275,268,270,540,544,510,509,876,464,503,512,553,577,765,765,868,867,1651,1515,29975,29974,5314,1175,29987,29988,29994,29983,29980,240]} 1. Nf3 {Schulz,André} d5 2. e3 Nf6 3. c4 c6 4. Nc3 e6 5. d4 Nbd7 6. Qc2 Bd6 7. Bd3 dxc4 8. Bxc4 b5 9. Bd3 Bb7 10. O-O O-O 11. a3 Rc8 12. b4 {D46: Semi-Slav: 5 e3 Nbd7 6 Bd3, Black avoids the Meran} c5 13. bxc5 Bxf3 14. cxd6 Nd5 15. gxf3 Qg5+ 16. Kh1 {LiveBook: 6 Games} Qh5 17. Be2 Nxc3 18. Rg1 {[#]} Nxe2 $146 (18... Rfd8 $11) ({Predecessor:} 18... Nf6 19. Bb2 Na4 20. Qd2 Rfd8 21. e4 Rxd6 22. e5 {1-0 (22) Sethuraman,S (2653)-Shirov,A (2682) Edmonton 2016 CBM 173 Extra [Schulz,André]}) 19. Qxe2 $14 Rfd8 20. e4 Nf8 (20... e5 $142) 21. Bf4 $36 {[%mdl 2048] White is really pushing.} Ng6 22. Bg3 f5 (22... Rc3 $16 {was called for.}) 23. exf5 $18 Qxf5 24. Rac1 Qd5 {[#]} (24... Rc4 $16) 25. Rc5 $1 {[%mdl 512]} Rxc5 26. dxc5 Qxc5 $2 (26... Nf8 27. Rc1 Rc8 28. Qxb5 Qxf3+ 29. Kg1 Qd5) 27. Qxe6+ Kh8 28. Re1 Rf8 (28... Nf8 $142 29. Qf7 Qc4) 29. Qe3 Qf5 30. Qe4 Qd7 31. Kg2 Kg8 32. Rc1 a6 33. Rc7 Qd8 34. h4 Nh8 35. Qe6+ Nf7 36. d7 (36. Re7 $142 Qc8 37. d7) 36... g6 37. Rc8 {White mates.} Qa5 38. Rxf8+ Kxf8 39. Qe8+ $2 {Precision: White = 69%, Black =  6%.} (39. Bd6+ {mates} Kg7 40. Be5+ Nxe5 41. Qxe5+ Kf7 42. Qe8+ Kg7 43. d8=Q Qxd8 44. Qxd8) 1-0

[Event "Sabadell Open 2018"]
[Site "Sabadell"]
[Date "2018.09.07"]
[Round "7"]
[White "Munoz, Miguel"]
[Black "Diaz Camallonga, Carles"]
[Result "*"]
[WhiteElo "2471"]
[BlackElo "2447"]
[Annotator "TA"]
[PlyCount "59"]
[EventDate "2018.09.01"]
[EventType "swiss"]
[EventCountry "ESP"]
[SourceTitle "playchess.com"]
[Source "ChessBase"]
[SourceQuality "1"]

{[%evp 28,30,0,-8,0]} 1. e4 e6 2. d4 d5 3. Nd2 c5 4. exd5 Qxd5 5. Ngf3 cxd4 6. Bc4 Qd6 7. O-O Nf6 8. Nb3 Nc6 9. Nbxd4 Nxd4 10. Qxd4 Qxd4 11. Nxd4 Bd7 12. Bf4 Rc8 13. Bb3 Bc5 14. Rad1 O-O 15. Rfe1 {LiveBook: 25 Games} h6 {C07: French Tarrasch: 3...c5, 4 Ngf3 and 4 exd5 Qxd5} (15... a5 16. a4 Rfd8 17. c3 Be8 18. h3 h6 19. Be5 Nd5 20. Nb5 Bc6 21. Nd4 Be8 22. Nb5 Bc6 23. Nd4 Be8 {½-½ (23) Rogic,D (2498)-Saric,A (2549) Germany 2017}) {Predecessor:} 16. h3 $146 Rfd8 17. Be5 Bb6 18. c3 Bc7 19. Bxc7 Rxc7 20. f4 Rc5 21. Nf3 Rdc8 22. Ne5 Be8 23. g4 g5 24. Kh2 Kg7 25. Kg3 gxf4+ 26. Kxf4 a5 27. Rd4 b5 28. a3 Rb8 29. Nd3 Rc7 30. Ne5 {½-½ (30) Mencinger,V (2380)-Furlan,M (2362) Bled 2000} *

[Event "Sabadell Open 2018"]
[Site "Sabadell"]
[Date "2018.09.07"]
[Round "7"]
[White "Hernandez, Cristian Andres"]
[Black "Stella, Andrea"]
[Result "*"]
[WhiteElo "2333"]
[BlackElo "2508"]
[Annotator "TA"]
[PlyCount "41"]
[EventDate "2018.09.01"]
[EventType "swiss"]
[EventCountry "ESP"]
[SourceTitle "playchess.com"]
[Source "ChessBase"]
[SourceQuality "1"]

{[%evp 13,41,-9,-3,-18,-3,0,19,-24,-12,-20,-26,-7,0,-3,-10,1,22,18,29,-104,-107,-166,-168,-325,-303,-308,-328,-326,-316,-309]} 1. e4 e6 2. d4 d5 3. Nc3 Nf6 4. exd5 exd5 5. Bg5 Be7 6. Qd2 O-O {C01: French: Exchange Variation} 7. O-O-O c6 {LiveBook: 6 Games} (7... Nc6 8. h4 Bf5 9. Qf4 Bg6 10. Bxf6 Bxf6 11. Nf3 Re8 12. Bd3 Bxd3 13. Rxd3 Nb4 14. Re3 Rxe3 15. fxe3 {½-½ (50) Short,N (2678)-Harikrishna,P (2737) Douglas 2015}) 8. h4 b5 $146 {The position is equal.} ({Predecessor:} 8... Nbd7 9. f3 b5 10. Re1 Re8 11. Nge2 b4 12. Nd1 a5 13. Ng3 a4 14. Nf5 {1-0 (41) Rabiega,R (2516)-Zumsande,M (2471) Germany 2018}) 9. Bd3 a5 {[%cal Ba7a5,Ba5a4][%mdl 32]} 10. Kb1 a4 11. Nce2 b4 12. Bxf6 Bxf6 13. Qxb4 Nd7 {[%cal Bb8d7,Bd7c5,Bc5e4][%mdl 32]} 14. Qd2 Qb6 15. c3 c5 16. Bf5 (16. Nf4 $11 {remains equal.}) 16... cxd4 $17 17. Nxd4 (17. Bxd7 $17 {is a better defense.} dxc3 18. Nxc3 Bxc3 19. Qxc3 Bxd7 20. Qd4 Qg6+ 21. Ka1) 17... Nc5 $36 {[%mdl 2048] Black is on the roll.} 18. Bxc8 $2 {[#]} (18. Nge2 {was called for.} Bxf5+ 19. Nxf5) 18... Ne4 {Black has a decisive advantage.} 19. Qc2 Rfxc8 20. Rh3 a3 {aiming for ...axb2.} 21. b3 {Precision: White = 33%, Black = 64%.} *

[Event "Sabadell Open 2018"]
[Site "Sabadell"]
[Date "2018.09.07"]
[Round "7"]
[White "Giron, Jorge Ernesto"]
[Black "Lorenzo De La Riva, Lazaro"]
[Result "1/2-1/2"]
[WhiteElo "2303"]
[BlackElo "2399"]
[Annotator "NA"]
[PlyCount "98"]
[EventDate "2018.09.01"]
[EventType "swiss"]
[EventCountry "ESP"]
[SourceTitle "playchess.com"]
[Source "ChessBase"]
[SourceQuality "1"]
[TimeControl "5400+30"]

1. e4 e5 {[%emt 0:02:27]} 2. Nf3 {[%emt 0:00:12]} Nc6 {[%emt 0:00:04]} 3. Bb5 {[%emt 0:00:06]} a6 {[%emt 0:00:03]} 4. Ba4 {[%emt 0:00:03]} g6 {[%emt 0:01:24] LiveBook: 352 Games} 5. O-O {[%emt 0:01:22]} Bg7 6. c3 {[%emt 0:00:37]} d6 {[%emt 0:00:16]} 7. h3 Nf6 {[%emt 0:01:09]} 8. Re1 {[%emt 0:00:44] C60: Ruy Lopez: Unusual Black 3rd moves and 3...g6} O-O {[%emt 0:01:33]} 9. Bxc6 {[%emt 0:10:04]} bxc6 {[%emt 0:03:10]} 10. d4 {[%emt 0:00:05]} Nd7 {[%emt 0:11:34]} 11. Bg5 $146 {[%emt 0:04:36]} ({Predecessor:} 11. dxe5 Nxe5 12. Nxe5 Bxe5 13. Nd2 Bg7 14. Nf3 Re8 15. Bg5 f6 {0-1 (60) Czarnota,D (2210)-Malaniuk,V (2525) Krakow 2003}) 11... Qe8 {[%emt 0:05:11]} 12. Nbd2 {[%emt 0:06:03]} h6 {[%emt 0:00:06]} 13. Bh4 {[%emt 0:00:06]} a5 {[%emt 0:04:01]} 14. Nc4 {[%emt 0:03:56]} Nb6 {[%emt 0:12:28]} 15. Nxb6 {[%emt 0:01:21]} cxb6 {[%emt 0:00:27]} 16. dxe5 {[%emt 0:00:03]} dxe5 {[%emt 0:00:20]} 17. Qd6 {[%emt 0:00:29]} f6 {[%emt 0:00:19]} 18. Red1 {[%emt 0:02:28]} Be6 {[%emt 0:07:01]} 19. Qc7 {[%emt 0:00:31]} g5 {[%emt 0:14:46]} 20. Bg3 {[%emt 0:00:41]} Qc8 {[%emt 0:04:21]} 21. Qxb6 {[%emt 0:01:25]} Rb8 {[%emt 0:01:01]} 22. Qxa5 {[%emt 0:02:35]} Rxb2 23. a4 {[%emt 0:12:20]} Re8 {[%emt 0:05:43]} 24. Rab1 {[%emt 0:09:04]} Rxb1 {[%emt 0:01:45]} 25. Rxb1 {[%emt 0:00:04]} Bf8 {[%emt 0:02:42]} 26. Qb6 {[%emt 0:10:59]} Qa8 {[%emt 0:04:19]} 27. a5 {[%emt 0:01:52]} Bd6 {[%emt 0:00:02]} 28. Ra1 {[%emt 0:00:16]} Rb8 {[%emt 0:00:09]} 29. Qe3 {[%emt 0:00:03]} Qa6 {[%emt 0:00:13]} 30. h4 {[%emt 0:00:33]} Be7 {[%emt 0:06:18]} 31. hxg5 {[%emt 0:00:36]} hxg5 {[%emt 0:00:02]} 32. Nh2 {[%emt 0:00:57]} Rb5 {[%emt 0:00:24]} 33. Qd3 $11 {[%emt 0:05:02]} c5 {[%emt 0:01:39]} 34. Nf1 {[%emt 0:00:17]} c4 {[%emt 0:00:01]} 35. Qd2 {[%emt 0:01:04]} Rxa5 {[%emt 0:00:04]} 36. Rxa5 {[%emt 0:00:03]} Qxa5 {[%emt 0:00:08]} 37. Ne3 {[%emt 0:00:17]} Qa1+ {[%emt 0:01:57]} 38. Kh2 Qb1 {[%emt 0:03:36]} 39. f3 {[%emt 0:04:04]} Qd3 {[%emt 0:01:16]} 40. Qxd3 {[%emt 0:00:15]} cxd3 {[%emt 0:00:02]} 41. Be1 {[%emt 0:00:06]} Bc5 {[%emt 0:02:28]} 42. Bd2 {[%emt 0:00:04]} Bxe3 {[%emt 0:01:11]} 43. Bxe3 {[%emt 0:00:05]} Kf7 {[%emt 0:00:11]} 44. g4 {[%emt 0:03:02]} Bb3 {[%emt 0:00:15]} 45. Kg3 {[%emt 0:00:13]} Ke6 {[%emt 0:00:03]} 46. Kf2 {[%emt 0:00:37]} Bd1 {[%emt 0:00:36]} 47. Bc1 {[%emt 0:00:23]} Kd7 {[%emt 0:02:15]} 48. Ke3 {[%emt 0:00:05]} Kc6 {[%emt 0:00:04]} 49. Ba3 {[%emt 0:02:58]} Kd7 {[%emt 0:00:15]} 1/2-1/2

[Event "Sabadell Open 2018"]
[Site "Sabadell"]
[Date "2018.09.07"]
[Round "7"]
[White "Jimenez Ruano, Adrian"]
[Black "Valenzuela Gomez, Fernando"]
[Result "1/2-1/2"]
[WhiteElo "2244"]
[BlackElo "2384"]
[Annotator "NA"]
[PlyCount "65"]
[EventDate "2018.09.01"]
[EventType "swiss"]
[EventCountry "ESP"]
[SourceTitle "playchess.com"]
[Source "ChessBase"]
[SourceQuality "1"]
[TimeControl "5400+30"]

1. d4 {[%emt 0:00:00]} Nf6 {[%emt 0:02:03]} 2. c4 {[%emt 0:00:00]} e6 {[%emt 0:00:08]} 3. Nc3 {[%emt 0:00:00]} Bb4 {[%emt 0:00:13]} 4. e3 {[%emt 0:00:00]} O-O {[%emt 0:00:12]} 5. Bd3 {[%emt 0:00:00]} d5 {[%emt 0:00:44]} 6. cxd5 {[%emt 0:00:00]} exd5 {[%emt 0:00:06]} 7. Nge2 {[%emt 0:00:13]} Re8 {[%emt 0:00:25]} 8. Bd2 {[%emt 0:00:05] E48: Nimzo-Indian: Rubinstein: 5 Bd3 d5 including 6 Ne2, but excluding 6 a3} c5 {[%emt 0:01:30]} (8... Bd6 9. O-O a6 10. Rc1 Nbd7 11. Nf4 c6 12. f3 Nf8 13. Kh1 Ng6 14. Nce2 Qb6 15. b3 Bd7 {½-½ (62) Fressinet,L (2645)-Gharamian,T (2614) Nimes 2018}) 9. O-O {[%emt 0:00:10]} c4 {[%emt 0:01:50]} 10. Bc2 {[%emt 0:00:19]} a6 $146 {[%emt 0:09:37]} ({Predecessor:} 10... Nc6 11. Nf4 Bxc3 12. Bxc3 b5 13. a3 a5 {1-0 (37) Steinacker,A (1685)-Eichler,W (1430) Muehlhausen 2007}) 11. f3 {[%emt 0:05:11]} Nc6 {[%emt 0:10:36]} 12. Qe1 {[%emt 0:02:01]} Bd6 {[%emt 0:08:50]} 13. Rd1 {[%emt 0:07:47]} Nb4 {[%emt 0:07:24]} 14. Bb1 {[%emt 0:00:27]} Nd3 {[%emt 0:02:40]} 15. Bxd3 {[%emt 0:00:29]} cxd3 {[%emt 0:00:02]} 16. Nc1 {[%emt 0:00:56]} Bf5 {[%emt 0:00:35]} 17. Qh4 {[%emt 0:22:12]} Bg6 {[%emt 0:04:22]} 18. g4 {[%emt 0:04:30]} b5 {[%emt 0:11:03]} 19. a3 $15 b4 {[%emt 0:04:50]} 20. axb4 {[%emt 0:06:00]} Bxb4 {[%emt 0:00:25]} 21. Qf2 {[%emt 0:00:33]} h5 {[%emt 0:06:45]} 22. h3 {[%emt 0:00:46]} Nh7 23. N3a2 {[%emt 0:10:02]} Bd6 {[%emt 0:05:51]} 24. Kg2 {[%emt 0:03:19]} Rb8 {[%emt 0:04:20]} 25. Bc3 {[%emt 0:03:47]} hxg4 {[%emt 0:06:13]} 26. hxg4 {[%emt 0:00:12]} Qg5 {[%emt 0:01:52]} 27. Nxd3 {[%emt 0:03:47]} Be4 {[%emt 0:12:11]} 28. Ne5 {[%emt 0:03:00]} f6 {[%emt 0:03:34]} 29. fxe4 {[%emt 0:04:49]} fxe5 {[%emt 0:00:06]} 30. Qf5 {[%emt 0:02:45]} Qxe3 {[%emt 0:01:38]} 31. Rde1 {[%emt 0:00:27]} Qg5 {[%emt 0:00:58]} 32. exd5 {[%emt 0:02:33]} Qxf5 {[%emt 0:00:12]} 33. Rxf5 {[%emt 0:06:49]} 1/2-1/2

[Event "Sabadell Open 2018"]
[Site "Sabadell"]
[Date "2018.09.07"]
[Round "7"]
[White "Fernandez Diaz, Cristian"]
[Black "Abhishek, Das"]
[Result "1-0"]
[WhiteElo "2221"]
[BlackElo "2312"]
[Annotator "TA"]
[PlyCount "94"]
[EventDate "2018.09.01"]
[EventType "swiss"]
[EventCountry "ESP"]
[SourceTitle "playchess.com"]
[Source "ChessBase"]
[SourceQuality "1"]

{[%evp 25,94,19,13,-47,-34,-43,-30,-58,-35,-36,-37,-50,-27,-33,0,0,68,67,64,68,64,68,69,77,71,75,73,66,81,82,77,85,81,83,79,82,93,92,112,112,112,112,112,86,160,156,169,155,147,147,208,160,160,163,387,154,387,351,337,337,336,290,1464,1428,5102,4443,5102,4607,2537,2224,5527]} 1. d4 d5 2. c4 e6 3. Nc3 Nf6 4. Nf3 Be7 5. Bf4 O-O 6. e3 c5 7. dxc5 Bxc5 8. Qc2 Nc6 9. a3 Qa5 10. Rd1 Re8 {D37: Damengambit (5.Lf4)} 11. Bg3 Ne4 12. cxd5 exd5 13. Rxd5 Nxc3 $1 {[#] LiveBook: 3 Partien} 14. Qxc3 $146 ({Günstiger ist} 14. bxc3 $11 g6 15. Be2) ({Vorgänger:} 14. bxc3 Be6 15. Rd2 Be7 16. Bd3 g6 17. O-O Qxa3 18. Nd4 Nxd4 19. cxd4 {0-1 (37) Mamedyarov,S (2808)-Nakamura,H (2769) Leuven 2018}) 14... Bb4 15. axb4 Qxd5 16. Bc4 Qh5 {Und weiter mit ...Lg4 wäre nett.} 17. b5 Ne7 18. Qb3 Nf5 19. Ng5 Re7 20. Bf4 $1 Nd4 (20... Qg6 $11) 21. Bxf7+ $1 $14 Qxf7 22. Qxf7+ Rxf7 23. Nxf7 Kxf7 24. exd4 {[%mdl 4096] Endspiel KTL-KTL} Bd7 25. b6 axb6 {zielt auf ...Ta1+ ab.} 26. Kd2 Bc6 27. f3 Ra4 28. Kc3 Bd5 29. Re1 Rc4+ 30. Kd3 Rc6 31. Re5 Bc4+ 32. Ke4 Re6 33. d5 Rxe5+ 34. Kxe5 $16 {KL-KL} Ke7 (34... Bf1 $142) 35. Be3 b5 36. Bc5+ Kf7 37. f4 Bf1 (37... g6 $16 38. g4 Be2) 38. g3 {[%cal Bg2g3,Bg3g4,Bg4g5][%mdl 32]} g6 39. f5 gxf5 $2 {[#]} (39... Bh3 40. fxg6+ hxg6) 40. Kxf5 $2 (40. d6 $1 $18 {[%cal Rd6d7] und der Rest ist Schweigen. jetzt d7 und aus.} Ke8 41. Ke6 (41. Kxf5 Kd7 $16) 41... Bc4+ 42. Kxf5) 40... Bc4 $2 {[#]} (40... h5 $16 41. Ke5 Bg2) 41. d6 $1 $18 Be6+ 42. Kg5 Bd7 43. g4 Be8 $2 (43... Kg7 44. h3 Be6 45. Bd4+ Kf7) 44. Kh6 {Weiß steht klar auf Gewinn.} Kg8 45. h4 Bd7 46. g5 Bf5 47. h5 Bd7 {Precision: Weiß = 71%, Schwarz = 31%.} 1-0

[Event "Sabadell Open 2018"]
[Site "Sabadell"]
[Date "2018.09.07"]
[Round "7"]
[White "Juan Bartroli, Marc"]
[Black "Cano Sevilla, Ivan"]
[Result "1-0"]
[WhiteElo "2067"]
[BlackElo "1961"]
[Annotator "NA"]
[PlyCount "67"]
[EventDate "2018.09.01"]
[EventType "swiss"]
[EventCountry "ESP"]
[SourceTitle "playchess.com"]
[Source "ChessBase"]
[SourceQuality "1"]
[TimeControl "5400+30"]

1. d4 d5 {[%emt 0:14:11]} 2. c4 {[%emt 0:00:00]} e6 {[%emt 0:00:04]} 3. Nc3 {[%emt 0:00:00]} f5 {[%emt 0:00:03]} 4. Bf4 {[%emt 0:00:12]} c6 {[%emt 0:00:20]} 5. e3 {[%emt 0:00:56]} Bd6 {[%emt 0:00:03]} 6. Bxd6 {[%emt 0:00:38]} Qxd6 {[%emt 0:00:05]} 7. Nf3 {[%emt 0:00:25]} Nf6 {[%emt 0:00:17]} 8. Bd3 {[%emt 0:00:31]} O-O {[%emt 0:00:17]} 9. O-O {[%emt 0:00:40]} Ne4 {[%emt 0:00:06]} 10. Ne5 {[%emt 0:11:58]} Nd7 {[%emt 0:00:51]} 11. f4 {LiveBook: 6 Partien} Ndf6 {[%emt 0:04:47]} 12. c5 $14 {[%emt 0:16:03]} Qe7 {[%emt 0:00:54]} 13. Nxe4 {[%emt 0:06:18]} fxe4 {[%emt 0:03:35]} 14. Be2 {[%emt 0:00:18]} Bd7 {[%emt 0:00:34]} 15. b4 {[%emt 0:03:00]} a6 {[%emt 0:00:05]} 16. a4 Be8 {[%emt 0:00:55]} 17. Qb3 {[%emt 0:06:10]} Nd7 {[%emt 0:06:29]} 18. Nxd7 {[%emt 0:01:49]} Bxd7 {[%emt 0:02:40]} 19. b5 {[%emt 0:03:07]} axb5 {[%emt 0:01:47]} 20. axb5 {[%emt 0:00:10]} Rxa1 {[%emt 0:01:30]} 21. Rxa1 {[%emt 0:00:07]} g5 22. Ra7 {[%emt 0:10:33]} gxf4 {[%emt 0:09:57]} 23. exf4 {[%emt 0:01:56]} Qf6 {[%emt 0:02:13]} 24. Qe3 cxb5 {[%emt 0:04:35]} 25. Rxb7 {[%emt 0:03:25]} Be8 {[%emt 0:01:20]} 26. Bxb5 {[%emt 0:09:01]} Bxb5 {[%emt 0:00:21]} 27. Rxb5 {[%emt 0:00:01]} Ra8 {[%emt 0:08:04]} 28. Rb1 {[%emt 0:06:58]} Ra4 {[%emt 0:02:26]} 29. Rc1 {[%emt 0:03:13]} Rxd4 {[%emt 0:09:07]} 30. c6 {[%emt 0:02:05]} Rd3 {[%emt 0:04:14]} 31. Qc5 {[%emt 0:11:32]} Qxf4 {[%emt 0:07:28]} 32. c7 {[%emt 0:00:14]} e3 {[%emt 0:00:18]} 33. c8=Q+ {[%emt 0:00:08]} Kg7 {[%emt 0:00:12]} 34. Qe7+ {[%emt 0:00:27]} 1-0